000 00496nam a22001817a 4500
005 20200317120640.0
008 200317b xxu||||| |||| 00| 0 eng d
020 _a9788123912660
041 _aeng
082 _a615.10
100 _aGARG ,RAI GOBIND
_95233
245 _aEXPERIMENTAL PHARMACOLOGY FOR UNDERGRADUATE STUDENT
_cRAI GOBIND GRAG
250 _a1'ST
260 _aNEW DELHI
_bCBS PUBLISHERS AND DISTRIBUTORS
_c2019
300 _a158 P. VII
650 _aPHARMACY
_95236
942 _cBK
999 _c6125
_d6123